000 00296nam a2200109Ia 4500
008 190912s9999||||xx |||||||||||||| ||und||
100 _aDr. Zaeema Alvi
245 0 _aJi Han! Ab bhi waqat hay,apne Maamilaat Durust Karney Ka
260 _aKarachi
_bRab Publishers
_c2013
300 _a248
942 _cBK
999 _c7512
_d7512